Häufigste Vögel in Deutschland - Statistiken

Allgemein
  • Dieses Quiz wurde 658 mal gespielt
    657 seit der letzten Aktualisierung
  • Das Durchschnittsergebnis liegt bei 18 aus 34
Antwortstatistiken
Biol. Famiele Antwort % Korrekt
Drosseln Amsel
96%
Meisen Blaumeise
84%
Stare Star
81%
Spechte Buntspecht
76%
Meisen Kohlmeise
75%
Zaunkönige Zaunkönig
72%
Rabenvögel Elster
68%
Finken Buchfink
67%
Kleiber Kleiber
63%
Segler Mauersegler
62%
Fliegenschnäpper Rotkehlchen
62%
Stelzen Bachstelze
60%
Finken Grünfink
57%
Sperlinge Haussperling
56%
Tauben Ringeltaube
54%
Ammer Goldammer
52%
Schwalben Rauchschwalbe
48%
Rabenvögel Dohle
46%
Rabenvögel Eichelhäher
45%
Finken Gimpel
44%
Schwanzmeisen Schwanzmeise
44%
Tauben Türkentaube
44%
Rabenvögel Saatkrähe
43%
Schwalben Mehlschwalbe
42%
Sperlinge Feldsperling
41%
Drosseln Singdrossel
39%
Rabenvögel Rabenkrähe
38%
Finken Stieglitz
36%
Tauben Straßentaube
35%
Grasmückenartige Mönchsgrasmücke
34%
Drosseln Wacholderdrossel
29%
Fliegenschnäpper Hausrotschwanz
25%
Finken Erlenzeisig
22%
Finken Bergfink
21%
Keine übereinstimmenden Quizze gefunden
Verteilung der Resultate
Anzahl Personen mit jedem Resultat
Perzentil nach korrekt beantworteten Fragen
Ihre Resultats-Entwicklung
Sie haben dieses Quiz seit der letzten Aktualisierung nicht gespielt